00520 2200181 4500245003000000020002200030250001100052100002000063700001400083650002000097650001000117005001900127260005700146041001400203084000800217300010400225336000900329 aApa Itu?cAira RumihText a978-602-244-939-3 aCet. 1 aLaksmi Manohara aAira Rumi aFiksi Indonesia aEbook a20240828140110 aJakartabKementerian Pendidikan dan Kebudayaanc2022 aIndonesia a813 aAndika New Basic 20/34, Delight Snowy, Cloudy With a Chance of Love. ii, 30 hlm :b21 x 29,7 cm. ; atext